000
00233nam a2200085Ia 4500
245
0
_a
In fusion
100
_a
SAUVAGE, Shane Auckland Park, South Africa, 2009
_9
78065
942
_c
BK
008
210819s9999 xx 000 0 und d
999
_c
269073
_d
269072